000
00322nam a2200109Ia 4500
008
200302s9999 xx 000 0 und d
100
_a
H. Kumar Vyas
245
_a
Design the International Movement With Indian Paralles
260
_b
Sid Research Cell School Interior design Publishing
260
_c
2009
300
_a
217 p.,
999
_c
3174
_d
3174